00718cam a22002173a 45000010005000000030006000050050017000110080041000280400015000690420007000840500007000911000025000982450079001232600029002025060030002315160020002616530073002816530077003548300028004318560041004595696PGUSA20140828083123.0040501s2004||||xxu|||||s|||||000 1 eng d aPGUSAbeng adc 4aPZ1 aCurtis, Alice Turner12aA Yankee Girl at Fort Sumterh[electronic resource] /cAlice Turner Curtis bProject Gutenberg,c2004 aPublic domain in the USA. aElectronic text aUnited States -- History -- Civil War, 1861-1865 -- Juvenile fiction aCharleston (S.C.) -- History -- Civil War, 1861-1865 -- Juvenile fiction 0aProject Gutenbergv569640uhttp://www.gutenberg.org/ebooks/5696